00651nam a22001817a 450000500170000001000150001702000270003203500140005903700130007308200120008624501490009826000450024727000610029230000240035350000500037770000220042770000200044920190626111512.0 aENG-125765 a9780199490684c1395.00 aEN-109297 bDBAD/PUB a381.954 aTransregional trade and traders :ced.by Edward A. Alpers [and] Chhaya Goswamibsituating Gujrat in the Indian ocean from early times to 1900 / aNew DelhibOxford University Pressc2019 a2/11 Ground Floor, Ansari RoadbDaryaganj, Delhie110002 aviii, 397c22cm(Hb) aIncludes bibliographical references and index aAlpers, Edward A. aGoswami, Chhaya